| 000 | 00752cam a2200229 a 4500 | ||
|---|---|---|---|
| 001 | 000003970 | ||
| 005 | 20200929150639.0 | ||
| 008 | 921215s1994 ag 000 f spa | ||
| 020 | _a9500812460 | ||
| 040 |
_aDO-SdBNP _cDLC _dDLC _dOCoLC _dDLC |
||
| 041 | 1 | 7 |
_aspa _heng _2Código de idioma MARC |
| 082 |
_a813.54 _bS642u |
||
| 100 | 1 |
_aSmith, Scott, _d1965- _911915 |
|
| 245 | 1 | 0 |
_aUn plan simple / _cScott Smith ; traducción, Rosa S. Corgatelli. |
| 260 |
_aBuenos Aires : _bAtlántida, _c1994. |
||
| 300 |
_a296 p. ; _c23 cm. |
||
| 534 | _aTítulo original: A simple plan. | ||
| 650 | 4 |
_aNovela estadounidense _9262 |
|
| 650 | 4 |
_aLiteratura estadounidense _9263 |
|
| 700 | 1 |
_aCorgatelli, Rosa S., _etr. _911916 |
|
| 910 | _aCatalogación por copia / LC | ||
| 999 |
_c3789 _d3789 |
||